Представление документа в формате MARC21

Поле Инд. ПП Название Значение
Тип записи a
Библиографический уровень m
001 Контрольный номер RU/LIBMSTU/264596697
005 Дата корректировки 20170216123248.7
020 00 a ISBN 5-9516-0019-7
c Цена, тираж 87-60
084 a Индекс другой классификации/Индекс ББК 67.409+67.400
090 00 a Полочн. индекс 67.409
x Авторский знак З-40
245 00 a Заглавие Защита прав человека в местах лишения свободы
c Ответственность сост. В. И. Селиверстов, В. С. Радкевич ; отв. ред. О. О. Миронов ; Б-ка уполномоч. по правам человека в РФ
b Продолж. заглавия сб. норматив. актов и офиц. док.
260 00 a Место издания Москва
b Издательство Юриспруденция
c Дата издания 2003
300 00 a Объем 480 с.
650 _4 a Основная рубрика Права человека; Заключенные-Правовые положения-Нормативные акты
653 00 a Ключевые слова Заключенные
a Ключевые слова Места лишения свободы
a Ключевые слова Осужденные
a Ключевые слова Права человека
a Ключевые слова Уголовно-исполнительное право
990 00 f Даты поступлений (DOS) 10.04